| 000 | 00430nam a22001457a 4500 | ||
|---|---|---|---|
| 008 | 230612b |||||||| |||| 00| 0 eng d | ||
| 040 |
_aNational Science Library _cNational Science Library |
||
| 080 |
_aR 912 _bK3 |
||
| 100 |
_aBartholomew, John _911501 |
||
| 245 | _aAdvanced atlas of modern geography | ||
| 260 |
_aEdinburgh: _bOliver and Boyd Limited, _c1963 |
||
| 650 | _aGeography | ||
| 653 | _aAtlas | ||
| 942 |
_2udc _cREF |
||
| 999 |
_c42439 _d42439 |
||